LIBRARY & INFORMATION CENTRE, KCAET, TAVANUR

ONLINE PUBLIC ACCESS CATALOGUE (OPAC)

DEVELOPMENT OF BLACK PEPPER HARVESTER (Record no. 19631)

MARC details
000 -LEADER
fixed length control field 00589nam a22001817a 4500
003 - CONTROL NUMBER IDENTIFIER
control field OSt
082 ## - DEWEY DECIMAL CLASSIFICATION NUMBER
Classification number 631.3
Item number ATH/DE
088 ## - REPORT NUMBER
Report number P 656
100 ## - MAIN ENTRY--AUTHOR NAME
Personal name ATHIRA DINESH
100 ## - MAIN ENTRY--AUTHOR NAME
Personal name GOPIKA O
100 ## - MAIN ENTRY--AUTHOR NAME
Personal name AVANTHIKA SHAJI
245 ## - TITLE STATEMENT
Title DEVELOPMENT OF BLACK PEPPER HARVESTER
260 ## - PUBLICATION, DISTRIBUTION, ETC. (IMPRINT)
Place of publication Tavanur
Name of publisher DEPARTMENT OF FARM MACHINERY AND POWER ENGINEERING, KELAPPAJI COLLEGE OF AGRICULTURAL ENGINEERING AND FOOD TECHNOLOGY
Year of publication 2025
700 ## - ADDED ENTRY--PERSONAL NAME
Personal name SANCHU SUKUMARAN
856 ## - ELECTRONIC LOCATION AND ACCESS
Uniform Resource Identifier http://14.139.181.140:8080/jspui/handle/123456789/2201
942 ## - ADDED ENTRY ELEMENTS (KOHA)
Koha item type Project Report
Holdings
Collection code Home library Current library Full call number Accession Number Koha item type
Reference KAUAET KAUAET 631.3 ATH/DE P 656 Project Report
free website counter